000
00281 a2200121 4500
001
147049
040
_c
Escola São Tomás de Aquino
100
_a
IACOCCA, Liliana
240
1
0
_a
A coruja curiosa
_l
por
245
1
0
_a
A coruja curiosa
697
_a
*LITERATURA INFANTIL
942
_c
BK
999
_c
147049
_d
147049